Tratados morales

Shranjeno v:
Bibliografske podrobnosti
Glavni avtor: Séneca, Lucio Anneo (Author)
Format: Knjiga
Jezik:španščina
Izdano: Buenos Aires Espasa-Calpe 1943
Serija:Colección Austral
Teme:
Oznake: Označite
Brez oznak, prvi označite!

MARC

LEADER 00000nam a2200000 a 4500
001 UCZ2125
003 CL-VaPUC
008 950926e19430000AG |||||||||||||||||spa|d
082 0 4 |a 187  |b SEN  |2 21 
100 |a Séneca, Lucio Anneo  |e author  |9 313328 
245 1 0 |a Tratados morales 
300 |a 168 p 
942 |c BK 
945 |d 19950926 00:00:00  |a cmena 
260 |a Buenos Aires  |b Espasa-Calpe  |c 1943 
650 0 |a Filosofía antigua   |9 255705 
650 0 |a Conceptos morales   |9 310606 
650 0 |a Ética  |9 255099 
650 7 |a HOMBRE  |2 CL-VaPUC  |9 262149 
650 0 |a Naturaleza humana   |9 308593 
583 |a last modification  |c 19950926 00:00:00  |k Rodrigo Vera 
490 0 |a Colección Austral 
999 |c 238773  |d 238771 
952 |0 0  |1 0  |4 0  |6 187_000000000000000_SEN_1943  |7 0  |8 A  |9 249238  |a BIBEDU  |b BIBEDU  |d 2019-11-18  |i 1564552  |o 187 SEN 1943  |p 1564552  |r 2019-11-18  |w 2019-11-18  |y BK  |k FIL